00738nam a2200229Ia 4500001002700000003000900027008004100036040002300077041001300100100002000113240002700133245003000160250001500190260002700205300002900232490003100261500000900292501012400301520003300425700001800458700003200476791.430 3-SAD ge ci (7261)IT-MiSPE171229s9999||||xx |||||||||||||| ||und|| aIT-MiSPEcIT-MiSPE aITALIANO aGeorges Sadoul  aDictionnaire des films 0aIl cinemabII. I film M-Z a1a ed. (v) aFirenzebSansonic1968 a281-577 p. [2 v.]c18 cm a Enciclopedie pratichev19 aIll. aEdizioni San Paolo srl - Piazza Soncino, 5 - 20092 CINISELLO BALSAMO (MI) (non commercial uses only) ® Copyright 2018 aGoffredo Fofi (agg. ed. it.) aPaolo Gobetti aPaolo Gobettig(traduzione)